00373nam a2200109Ia 4500008004100000082000800041100002700049245006900076942000600145952009700151999001500248240331s9999 xx 000 0 und d bSIV aSivathamby, Karthigesu 0aYarlpanaththil Pulaimaiththuva Marapu :bOrr Illakkiya Kannoddam cL 001040708LaWERCLbWERCLcSSCd2024-03-31l0o 305.8 SIVp2162r2024-03-31w2024-03-31yL c2042d2042